| 000 | 00806nam a2200229Ia 4500 | ||
|---|---|---|---|
| 003 | GCL | ||
| 008 | 140319s9999 xx 000 0 ara d | ||
| 040 |
_aGCL / _cGCL |
||
| 082 | 0 | 4 |
_a813.08 _bص م |
| 100 | 1 | _aصالح مرسى | |
| 245 | 1 | 0 |
_aاعنف صراع بين العاطفة والواجب:سامية فهمى سلمت خطيبها - الخائن - للمخابرات المصرية وكشف اخطر شبكة تجسس اسرائيلية فى اوربا / _cصالح مرسى |
| 260 |
_a[S.N] : _bابوللو للنشر والتوزيع ، _c1991 |
||
| 300 | _a761 ص | ||
| 490 | _a | ||
| 650 | 0 | 4 | _aالعصر الحديث |
| 650 | 0 | 4 | _aمصر |
| 650 | 0 | 4 | _aتاريخ |
| 650 | 0 | 4 | _aالمخابرات |
| 650 | 0 | 4 | _aاسرائيل |
| 650 | 0 | 4 | _aسامية فهمى |
| 942 |
_2ddc _cBK |
||
| 999 |
_c55617 _d55617 |
||